The Quaid - E - Azam papers 1940. (Record no. 549536)

000 -LEADER
fixed length control field 00398nam a22001337a 4500
082 ## - DEWEY DECIMAL CLASSIFICATION NUMBER
Classification number 923.15491
Author Mark QUA
-- L-27 p-107
100 ## - MAIN ENTRY--PERSONAL NAME
Personal name Ahmad, Rizwan
9 (RLIN) 46191
245 ## - TITLE STATEMENT
Title The Quaid - E - Azam papers 1940.
Statement of responsibility, etc. Ahmad, Rizwan
260 ## - PUBLICATION, DISTRIBUTION, ETC.
Place of publication, distribution, etc. Lahore
Name of publisher, distributor, etc. East & West Publishing Company
Date of publication, distribution, etc. 1976
300 ## - PHYSICAL DESCRIPTION
Extent 175P.:
Other physical details ill,;
Dimensions 20 cm
526 ## - STUDY PROGRAM INFORMATION NOTE
Program name 0
Interest level 0
Reading level 0
Title point value 923_154910000000000_QUA
650 ## - SUBJECT ADDED ENTRY--TOPICAL TERM
Topical term or geographic name entry element MCE
9 (RLIN) 379
942 ## - ADDED ENTRY ELEMENTS (KOHA)
Source of classification or shelving scheme
Koha item type Book
Holdings
Withdrawn status Lost status Source of classification or shelving scheme Damaged status Not for loan Permanent Location Current Location Date acquired Total Checkouts Full call number Barcode Date last seen Price effective from Koha item type
          Military College of Engineering (MCE) Military College of Engineering (MCE) 09/29/2014   923.15491 QUA MCE-5203 09/29/2014 03/14/2021 Book
© 2023 Central Library, National University of Sciences and Technology. All Rights Reserved.